PDC Tour Card Holders 2025 - Statistics

General Stats
  • This quiz has been taken 679 times
  • The average score is 79 of 128
Answer Stats
Hint Answer % Correct
8 Australia Damon Heta
100%
15 Scotland Gary Anderson
100%
9 Wales Gerwyn Price
100%
7 Wales Jonny Clayton
100%
16 Northern Ireland Josh Rock
100%
1 England Luke Humphries
100%
2 England Luke Littler
100%
3 Netherlands Michael van Gerwen
100%
12 Scotland Peter Wright
100%
4 England Rob Cross
100%
5 England Stephen Bunting
100%
13 Netherlands Danny Noppert
98%
18 Belgium Dimitri van den Bergh
98%
24 Belgium Mike De Decker
98%
25 Northern Ireland Daryl Gurney
96%
6 England Dave Chisnall
96%
11 England Nathan Aspinall
96%
31 Northern Ireland Brendan Dolan
93%
10 England Chris Dobey
93%
27 Netherlands Gian van Veen
93%
32 Poland Krzysztof Ratajski
93%
22 Germany Martin Schindler
93%
17 England Michael Smith
91%
65 France Thibault Tricole
91%
43 Latvia Madars Razma
89%
21 England Ross Smith
89%
45 Portugal Jose de Sousa
87%
46 Belgium Kim Huybrechts
87%
36 Germany Gabriel Clemens
85%
14 England James Wade
85%
54 Canada Matt Campbell
85%
30 Germany Ricardo Pietreczko
85%
19 England Ryan Searle
85%
26 Netherlands Dirk van Duijvenbode
83%
42 Northern Ireland Mickey Mansell
83%
20 England Andrew Gilding
80%
62 Sweden Jeffrey de Graaf
80%
35 Netherlands Jermaine Wattimena
80%
23 England Joe Cullen
80%
34 Netherlands Raymond van Barneveld
80%
29 England Ryan Joyce
80%
52 Wales Jim Williams
78%
96 USA Jules van Dongen
78%
63 Austria Mensur Suljovic
78%
122 Austria Rusty-Jake Rodriguez
78%
37 England Scott Williams
78%
39 Scotland Cameron Menzies
74%
126 Germany Max Hopp
74%
28 England Ritchie Edhouse
74%
82 USA Danny Lauby
72%
98 Czech Karel Sedlacek
72%
58 Wales Robert Owen
70%
90 New Zealand Haupai Puha
65%
102 Germany Kai Gotthardt
65%
33 England Luke Woodhouse
65%
110 Germany Niko Springer
65%
120 Sweden Oskar Lukasiak
65%
73 Poland Radek Szaganski
65%
44 England Ricky Evans
65%
95 England Bradley Brooks
63%
112 Canada Jim Long
63%
94 Italy Michele Turetta
63%
119 Croatia Pero Ljubic
63%
47 Netherlands Richard Veenstra
63%
56 Scotland Alan Soutar
61%
81 Denmark Benjamin Drue Reus
61%
101 Norway Cor Dekker
61%
57 Ireland Dylan Slevin
61%
64 Wales Nick Kenny
61%
40 England Callan Rydz
59%
53 Germany Florian Hempel
59%
51 Ireland Keane Barry
59%
125 Germany Maximilian Czerwinski
59%
111 Poland Sebastian Bialecki
59%
41 Netherlands Kevin Doets
57%
38 England Martin Lukeman
54%
48 Netherlands Niels Zonneveld
54%
93 Germany Tim Wolters
54%
83 Scotland William Borland
54%
69 Belgium Mario Vandenbogaerde
52%
121 Poland Tytus Kanik
52%
50 England Ian White
50%
127 Germany Leon Weber
50%
71 Wales Rhys Griffin
50%
75 Ireland Steve Lennon
50%
55 Netherlands Wessel Nijman
50%
70 Belgium Andy Baetens
48%
61 England Connor Scutt
48%
123 Germany Dominik Grüllich
48%
74 Northern Ireland Nathan Rafferty
48%
59 England Ryan Meikle
48%
100 Sweden Viktor Tingstrom
48%
76 Germany Lukas Wenig
46%
80 Scottland Darren Beveridge
43%
124 Belgium Stefaan Henderyck
43%
97 Scotland Andy Boulton
41%
91 Netherlands Jelle Klaasen
39%
106 Netherlands Dennie Olde Kalter
37%
67 England Dom Taylor
37%
108 Netherlands Wesley Plaisier
37%
72 Netherlands Berry van Peer
35%
68 Netherlands Chris Landman
35%
109 Netherlands Christian Kist
35%
113 Netherlands Maik Kuivenhoven
35%
128 Netherlands Marvin van Velzen
35%
85 England Owen Bates
35%
66 England James Hurrell
33%
60 England Stephen Burton
33%
117 England Adam Warner
30%
104 Scotland Greg Ritchie
28%
88 England Adam Hunt
26%
115 England Adam Lipscombe
26%
77 Netherlands Jitse van der Wal
26%
99 England Tom Bissell
26%
116 England Cam Crabtree
24%
87 England George Killington
24%
92 England Joshua Richardson
24%
103 England Justin Hood
24%
118 England Thomas Lovely
24%
105 England Adam Paxton
22%
114 England Darryl Pilgrim
22%
89 Netherlands Martijn Dragt
20%
79 England Matthew Dennant
20%
78 Netherlands Patrick Geeraets
20%
84 England Robert Grundy
20%
107 England Tavis Dudeney
15%
49 Ireland William O´Connor
13%
86 England Brett Claydon
11%
No matching quizzes found
Score Distribution
Percent of People with Each Score
Percentile by Number Answered
Your Score History
You have not taken this quiz